000
00287nam a2200109Ia 4500
008
200302s9999 xx 000 0 und d
100
_a
Wilson
245
_a
Designs of the World Pattern Sourcebook with free DVD -ROM
260
_b
The British Museum Press
260
_c
2011
300
_a
240
999
_c
3368
_d
3368